000
00322nam a2200145Ia 4500
100
_a
Pressman Roger.S
250
_a
3rd
942
_c
BK
654
_a
SEPA
245
_a
Software Engg Practitioners approach
260
_b
McGraw Hill International
_a
New York
_c
1992
300
_a
793
546
_a
ENGLISH
999
_c
20280
_d
20280